| 000 | 00657nam a2200205Ia 4500 | ||
|---|---|---|---|
| 005 | 20250508165540.0 | ||
| 008 | 008 250505s9999 xx 000 0 eng d | ||
| 020 | _a978-0-262-65038-0 | ||
| 037 | _aReference | ||
| 040 |
_aFEDL _beng _cFEDL |
||
| 041 |
_aeng _2eng |
||
| 084 |
_a509.2, OGI/RR _qFEDL |
||
| 100 |
_aOgilvie Marilyn Bailey _9773580 |
||
| 245 | 0 | _aWomen in science: Antiquity through the nineteenth century: A biographical dictionary with annotated bibliography | |
| 260 |
_aCambridge _bThe M I T Press _c1986 |
||
| 300 | _axi, 254p. | ||
| 365 |
_aUSD _b31.5 |
||
| 942 |
_cREF _h509.2, OGI/RR |
||
| 999 |
_c1395797 _d1395797 |
||